000 00618nam a2200181Ia 4500
008 151018s9999 xx 000 0 und d
082 _bRBASDV6424
_a891.463
100 _aवि वि बोकील
245 _aमंगळागौरीच्या रात्री
250 _b1
260 _bललित वैभव
_c1967
300 _a149
600 _aवि वि बोकील
630 _aमंगळागौरीच्या रात्री
700 _aवि वि बोकील
730 _aमंगळागौरीच्या रात्री
942 _cBOOK
999 _c1008799
_d1008796